| 000 | 00564nam a2200145 4500 | ||
|---|---|---|---|
| 999 |
_c15943 _d15943 |
||
| 008 | 210120b ||||| |||| 00| 0 eng d | ||
| 022 | _a0732-8435 | ||
| 082 | _aDPer 657.05 C33 Sept - Mar 2015, v. 85 - 86 | ||
| 100 |
_aWaddell, Cynthia. _942774 |
||
| 245 |
_aUsing network analysis to detect collusive fraud: _bcould notorious fraudster have been caught in the act?/ _cCynthia Waddell. |
||
| 260 |
_aNew York: _bThe New York State Society of CPA, _c©2015. |
||
| 300 |
_av86 n3, pages 38-45: _billustrations; _c28 cm. |
||
| 650 |
_aFraud. _938417 |
||
| 942 |
_2ddc _cPER |
||